AH International Schools' Libraries

(Khmer) Literacy Y9 / (Record no. 47662)

MARC details
000 -LEADER
fixed length control field 00288nam a2200109 4500
020 ## - INTERNATIONAL STANDARD BOOK NUMBER
International Standard Book Number 9789996333408
245 ## - TITLE STATEMENT
Title (Khmer) Literacy Y9 /
Statement of responsibility, etc Khong Sokheng.
260 ## - PUBLICATION, DISTRIBUTION, ETC. (IMPRINT)
Place of publication, distribution, etc Cambodia:
300 ## - PHYSICAL DESCRIPTION
Extent 230 p.
Dimensions 20 cm.
650 ## - SUBJECT ADDED ENTRY--TOPICAL TERM
Topical term or geographic name as entry element Essay writing. Questions and answers.
9 (RLIN) 85520
942 ## - ADDED ENTRY ELEMENTS (KOHA)
Source of classification or shelving scheme
Koha item type Y9 Textbooks & Exam Prep.
Holdings
Withdrawn status Lost status Source of classification or shelving scheme Damaged status Not for loan Collection code Home library Current library Date acquired Total Checkouts Full call number Barcode Date last seen Date checked out Price effective from Koha item type Total Renewals
            Asian Hope Secondary Library Asian Hope Secondary Library 12/13/2023 3 KHMER TB LITERACY Y9 205671 05/12/2025 01/30/2025 12/13/2023 Y9 Textbooks & Exam Prep.  
          Siem Riep Asian Hope Secondary Library Asian Hope Secondary Library 10/25/2024 2 KHMER TB LITERACY Y9 206188 02/24/2026 12/09/2025 10/25/2024 Y9 Textbooks & Exam Prep. 1

For any Logos Library related questions please contact Miss Art at swongnarasuk@asianhope.org.

For any Asian Hope Library related questions please contact Miss Raza at graza@asianhope.org.

Click here to explore our ebooks!

Powered by Koha